000 00726nam a2200289Ia 4500
005 20260324111429.0
008 008 260324s9999 xx 000 0 eng d
020 _a9781003499855
037 _aEBOOK
040 _aCRL
040 _beng
040 _cCRL
041 _2eng
041 _aeng
084 _qCRL
100 _aK. Jayasankara Reddy; Bhasker Malu
_91138526
245 0 _aMultidisciplinary Perspectives in Social Cognition
245 0 _bRecent Advances and Future Questions
260 _bTaylor and Francis
260 _c2025
365 _a
365 _b230
856 _uhttp://www.taylorfrancis.com/books/9781003499855
942 _cEBOOK
999 _c1727346
_d1727346